00234nam a2200109Ia 4500008004100000100001100041245001100052260002300063650001400086942000700100999001700107190216s9999||||xx |||||||||||||| ||und|| aKhalid 0aSimham bChintha Publishers aMalayalam cBK c26198d26198